<?xml version="1.0" encoding="UTF-8"?>
<record
    xmlns:xsi="http://www.w3.org/2001/XMLSchema-instance"
    xsi:schemaLocation="http://www.loc.gov/MARC21/slim http://www.loc.gov/standards/marcxml/schema/MARC21slim.xsd"
    xmlns="http://www.loc.gov/MARC21/slim">

  <leader>04490nam a22003134i 4500</leader>
  <controlfield tag="003">PE-LiUPU</controlfield>
  <controlfield tag="005">20260218082736.0</controlfield>
  <controlfield tag="008">130816s2013    ag a    b    001 0 spa d</controlfield>
  <datafield tag="020" ind1=" " ind2=" ">
    <subfield code="a">9789871378296</subfield>
  </datafield>
  <datafield tag="035" ind1=" " ind2=" ">
    <subfield code="a">PE-LiUPU000018</subfield>
  </datafield>
  <datafield tag="040" ind1=" " ind2=" ">
    <subfield code="a">PE-LiUPU</subfield>
    <subfield code="b">spa</subfield>
    <subfield code="c">PE-LiUPU</subfield>
    <subfield code="e">rda</subfield>
  </datafield>
  <datafield tag="082" ind1="0" ind2="4">
    <subfield code="a">254.5</subfield>
    <subfield code="b">R687c</subfield>
    <subfield code="2">23</subfield>
  </datafield>
  <datafield tag="100" ind1="1" ind2=" ">
    <subfield code="a">Rode, Daniel Julio,</subfield>
    <subfield code="e">autor.</subfield>
    <subfield code="9">8064</subfield>
  </datafield>
  <datafield tag="245" ind1="1" ind2="0">
    <subfield code="a">C&#xF3;mo surgen las nuevas iglesias :</subfield>
    <subfield code="b">algunos aportes y experiencias latinoamericanas /</subfield>
    <subfield code="c">Daniel Julio Rode.</subfield>
  </datafield>
  <datafield tag="250" ind1=" " ind2=" ">
    <subfield code="a">Primera edici&#xF3;n.</subfield>
  </datafield>
  <datafield tag="264" ind1=" " ind2="1">
    <subfield code="a">Libertador San Mart&#xED;n, Entre R&#xED;os :</subfield>
    <subfield code="b">Editorial Universidad Adventista del Plata,</subfield>
    <subfield code="c">2013.</subfield>
  </datafield>
  <datafield tag="300" ind1=" " ind2=" ">
    <subfield code="a">170 p&#xE1;ginas ;</subfield>
    <subfield code="c">23 cm</subfield>
  </datafield>
  <datafield tag="336" ind1=" " ind2=" ">
    <subfield code="a">text</subfield>
    <subfield code="2">rdacontent</subfield>
  </datafield>
  <datafield tag="337" ind1=" " ind2=" ">
    <subfield code="a">unmediated</subfield>
    <subfield code="2">rdamedia</subfield>
  </datafield>
  <datafield tag="338" ind1=" " ind2=" ">
    <subfield code="a">volume</subfield>
    <subfield code="2">rdacarrier</subfield>
  </datafield>
  <datafield tag="504" ind1=" " ind2=" ">
    <subfield code="a">Incluye referencias bibliogr&#xE1;ficas.</subfield>
  </datafield>
  <datafield tag="505" ind1="0" ind2=" ">
    <subfield code="a">El inter&#xE9;s en el tema -- Toma de conciencia de que la misi&#xF3;n es misi&#xF3;n divina con colaboraci&#xF3;n humana -- Toma de conciencia de la necesidad del establecimiento de nuevas iglesias -- Plan general del libro -- Razones para establecer iglesias -- Es un mandato b&#xED;blico -- Es clave para el crecimiento denominacional -- Las iglesias nuevas y peque&#xF1;as son m&#xE1;s vitales y crecen m&#xE1;s -- La fundaci&#xF3;n de iglesias dinamiza a otras iglesias -- Se necesitan diferentes tipos de crecimiento para la evangelizaci&#xF3;n mundial -- El &#x201C;imperativo demogr&#xE1;fico&#x201D; exige nuevas iglesias -- Es el consejo de Elena G. de White -- Fundar iglesias en todas partes es responsabilidad de todos -- Suscitar y organizar nuevas iglesias -- La mano de Dios en la fundaci&#xF3;n de nuevas iglesias -- Algunos ejemplos de c&#xF3;mo se iniciaron las iglesias cristianas en Latinoam&#xE9;rica -- En el tiempo de la Colonia (1555-1800) -- En la &#xE9;poca de la independencia y el liberalismo pol&#xED;tico (1804-a fines del siglo XIX) -- Las iglesias criollas -- El proyecto educativo -- Cambio de mentalidad (Siglo XX) -- Las Comunidades Eclesiales de Base -- La religiosidad popular y la pobreza favorecen la fundaci&#xF3;n de iglesias -- Pautas y resumen para la fundaci&#xF3;n de iglesias -- Algunos ejemplos b&#xED;blicos de comunidades religiosas peque&#xF1;as -- La base para &#x201C;crecer y multiplicarse&#x201D; en el Antiguo Testamento -- La familia de Abraham fue la base de la bendici&#xF3;n a todos los clanes -- Fara&#xF3;n ataca la base del crecimiento de Israel en Egipto -- La peque&#xF1;a comunidad fue la base para sobrevivir en el desierto -- La familia fue la base para que Israel se multiplicara en Babilonia -- La base para &#x201C;crecer y multiplicarse&#x201D; en el Nuevo Testamento -- Las iglesias familiares -- La iglesia de Corinto -- La iglesia de Roma -- &#x201C;La iglesia que est&#xE1; en tu casa&#x201D; -- Algunos ejemplos de comunidades religiosas peque&#xF1;as en la historia cristiana adventista -- Algunos ejemplos de la historia en la iglesia cristiana y tambi&#xE9;n cristiana adventista -- Las iglesias familiares, base para el crecimiento eclesial del siglo XXI -- Dificultades en el establecimiento de iglesias -- Las tres objeciones m&#xE1;s comunes para establecer iglesias -- Da&#xF1;a la iglesia madre -- Abrir iglesias cuesta mucho -- Va contra la unidad -- Obst&#xE1;culos para establecer iglesias -- Establecer iglesias en nuevos municipios de ciudades claves con equipos de j&#xF3;venes -- Nueve formas de establecer iglesias a partir de una iglesia madre -- Por desprendimiento de un grupo de miembros -- Hijas por accidente, no planeadas -- Por colonizaci&#xF3;n o traslado de familias -- Por adopci&#xF3;n -- Modelo sat&#xE9;lite -- Iglesias con m&#xFA;ltiples sitios -- Modelo de diversidad de ministerios -- Por medio de grupos peque&#xF1;os -- Modelo centro de predicaci&#xF3;n o filial de escuela b&#xED;blica -- Once formas de establecer iglesias a partir de agencias misioneras o asociaciones de iglesias -- Modelo de equipos misioneros -- Fundador de iglesias &#x201C;catalizador&#x201D; o &#x201C;espigador&#x201D; -- Pastor o l&#xED;der fundador -- Modelo pionero: operativo &#x201C;rastrillo&#x201D; con estudios b&#xED;blicos -- Aventura cooperativa -- Modelo de revitalizaci&#xF3;n -- Modelo trasplante -- Modelo de metamorfosis -- Modelo de escuelas -- Modelo de migraciones -- Modelo de colportaje -- Las nuevas tecnolog&#xED;as de comunicaci&#xF3;n potencian el establecimiento de iglesias.</subfield>
  </datafield>
  <datafield tag="650" ind1="1" ind2="4">
    <subfield code="a">Plantaci&#xF3;n de iglesias.</subfield>
  </datafield>
  <datafield tag="650" ind1="2" ind2="4">
    <subfield code="a">Iglesia Adventista del S&#xE9;ptimo D&#xED;a</subfield>
    <subfield code="x">Historia.</subfield>
  </datafield>
  <datafield tag="650" ind1="2" ind2="4">
    <subfield code="a">Misionolog&#xED;a.</subfield>
  </datafield>
  <datafield tag="710" ind1="2" ind2=" ">
    <subfield code="a">Editorial Universidad Adventista del Plata,</subfield>
    <subfield code="e">editor.</subfield>
  </datafield>
  <datafield tag="942" ind1=" " ind2=" ">
    <subfield code="2">ddc</subfield>
    <subfield code="c">BK</subfield>
  </datafield>
  <datafield tag="980" ind1=" " ind2=" ">
    <subfield code="6">18228</subfield>
    <subfield code="a">Rebeca Esther Huerta Leyton</subfield>
    <subfield code="8">18226</subfield>
    <subfield code="g">Jaime Vilcaz&#xE1;n Jefe de An&#xE1;lisis Documental</subfield>
  </datafield>
  <datafield tag="999" ind1=" " ind2=" ">
    <subfield code="c">63289</subfield>
    <subfield code="d">63288</subfield>
  </datafield>
  <datafield tag="952" ind1=" " ind2=" ">
    <subfield code="r">2026-03-15 14:27:09</subfield>
    <subfield code="l">0</subfield>
    <subfield code="o">254.5 R687c</subfield>
    <subfield code="p">83079</subfield>
    <subfield code="t">e1</subfield>
    <subfield code="v">12.00</subfield>
    <subfield code="w">2026-02-16</subfield>
    <subfield code="x">FACTEO</subfield>
    <subfield code="y">BK</subfield>
    <subfield code="1">0</subfield>
    <subfield code="2">ddc</subfield>
    <subfield code="5">0</subfield>
    <subfield code="7">0</subfield>
    <subfield code="8">GEN</subfield>
    <subfield code="f">P35</subfield>
    <subfield code="a">BUL</subfield>
    <subfield code="b">BUL</subfield>
    <subfield code="c">GEN</subfield>
    <subfield code="d">2025-12-10</subfield>
    <subfield code="e">Donaci&#xF3;n, David Echevarr&#xED;a</subfield>
  </datafield>
</record>
